| 000 | 00534nam a2200181Ia 4500 | ||
|---|---|---|---|
| 003 | OSt | ||
| 005 | 20200124154039.0 | ||
| 008 | 190216s9999||||xx |||||||||||||| ||und|| | ||
| 020 | _a08769234910 | ||
| 040 | _coclc | ||
| 082 |
_a658.3 _bHER/M |
||
| 100 |
_aHersey, Paul _91525 |
||
| 245 | 0 |
_aManagement Of Organisational Behavior / _cPaul Hersey ; Ken Blanchard |
|
| 250 | _a4th ed. | ||
| 260 |
_bPrentice Hall Of India, _c1986. _aNew Delhi: |
||
| 300 | _a343p | ||
| 942 |
_cBK _2ddc _h658.3 _iHER/M _k658.3 _mHER/M |
||
| 999 |
_c5329 _d5329 |
||